000 00668nam a22002417a 4500
003 UA-OsUOA
001 31824
007 ta
008 20050112b un ||||| |||| 00| 0 ukr d
100 _aКоваль В. С.
090 _a94(4)"1939/1945"
_bК56
942 _cBK
040 _aUA-OsUOA
_brus
_cUA-OsUOA
_dUA-OsUOA
245 _a"Барбаросса"
_bИстоки и история величайщего преступления империализма
300 _a511 с.
955 _a0
041 _arus
080 _a94(4)"1939/1945"
260 _aКиев
_bНаукова думка
_c1982
044 _aUA
650 7 _2UDC
999 _c318258
_d318258